Nathan Brownor Asom abhijan/ (Record no. 12269)

MARC details
000 -LEADER
fixed length control field 00534nam a22002057a 4500
005 - DATE AND TIME OF LATEST TRANSACTION
control field 20250915072722.0
008 - FIXED-LENGTH DATA ELEMENTS--GENERAL INFORMATION
fixed length control field 250915b |||||||| |||| 00| 0 eng d
020 ## - INTERNATIONAL STANDARD BOOK NUMBER
International Standard Book Number 9789391135140
040 ## - CATALOGING SOURCE
Original cataloging agency IN-DiNC
Transcribing agency IN-DiNC
041 ## - LANGUAGE CODE
Language code of sung or spoken text Assamese
082 ## - DEWEY DECIMAL CLASSIFICATION NUMBER
Classification number 954.162
Item number BRO
100 ## - MAIN ENTRY--PERSONAL NAME
Personal name Brown, EW
Relator term Author
245 ## - TITLE STATEMENT
Title Nathan Brownor Asom abhijan/
Statement of responsibility, etc. by EW Brown
250 ## - EDITION STATEMENT
Edition statement 1st ed.
260 ## - PUBLICATION, DISTRIBUTION, ETC.
Place of publication, distribution, etc. Guwahati:
Name of publisher, distributor, etc. Banalata,
Date of publication, distribution, etc. 2022.
300 ## - PHYSICAL DESCRIPTION
Extent 320p.
650 ## - SUBJECT ADDED ENTRY--TOPICAL TERM
Topical term or geographic name entry element The Whole world Kin
700 ## - ADDED ENTRY--PERSONAL NAME
Personal name Hussain, Imran
Relator term Translator
942 ## - ADDED ENTRY ELEMENTS (KOHA)
Source of classification or shelving scheme Dewey Decimal Classification
Koha item type Books
Holdings
Withdrawn status Lost status Source of classification or shelving scheme Damaged status Not for loan Collection code Home library Current library Shelving location Date acquired Cost, normal purchase price Total Checkouts Full call number Barcode Date last seen Copy number Price effective from Koha item type
    Dewey Decimal Classification     History Central Library, Naharkatiya College Central Library, Naharkatiya College General Stacks 15/09/2025 350.00   954.162 BRO 31014 16/09/2025 1 15/09/2025 Books

Naharkatiya College © 2020. All rights reserved.

Powered By